<The> Optimal prudential deterrence of price fixing agreements

Salvato in:
Dettagli Bibliografici
Autore principale: Polo, Michele
Natura: Libro
Lingua:inglese
Pubblicazione: Milano IGIER 1997
Serie:Working paper series Working paper n. 120
Soggetti:
Tags: Aggiungi Tag
Nessun Tag, puoi essere il primo ad aggiungerne!!

MARC

LEADER 00000nam a2200000 4500
001 c109118
005 20221124074835.7
041 0 |a eng 
044 |a IT 
245 1 0 |a <The> Optimal prudential deterrence of price fixing agreements  |c Michele Polo 
264 1 |a Milano  |b IGIER  |c 1997 
300 |a 19 s. 
490 1 |a Working paper series  |v Working paper n. 120 
830 0 |a Working paper series  |v Working paper n. 120 
610 2 0 |a trusty 
610 2 0 |a analýzy 
610 2 0 |a informácie asymetrické 
610 2 0 |a ceny 
610 2 0 |a náklady 
610 2 0 |a kartely 
610 2 0 |a vymáhanie pohľadávok 
610 2 0 |a efektívnosť ekonomická 
610 2 0 |a efektívnosť výroby 
100 1 |a Polo, Michele